Polska i sąsiedzi
| Titel: | Polska i sąsiedzi : polityka zagraniczna w myśli polskiej opozycji antykomunistycznej / Andrzej Friszke, Stefan Garsztecki, Padraic Jeremiah Kenney, Andrzej Krawczyk, Alvydas Nikžentaitis, Jan Skórzyński |
|---|---|
| Verfasser: | ; ; ; ; ; |
| In: |
Lekcja solidarności, (2017), Seite 13-21 alle Artikel anzeigen |
| Veröffentlicht: | 2017 |
| Format: | Aufsatz |
| Sprache: | Polnisch |
X
alg: 44569634 001A $03025:28-02-19 001B $01999:28-02-19 $t23:49:49.000 001D $03025:28-02-19 001U $0utf8 001X $00 002@ $0Oou 002C $aText $btxt $2rdacontent 002D $aComputermedien $bc $2rdamedia 002E $aOnline-Ressource $bcr $2rdacarrier 003@ $0445696346 007A $0445696346 $aHEB 009Q $uhttps://www.ecs.gda.pl/library/File/nauka/e-booki/ECS_raport_Lekcja_.pdf $xH 010@ $apol 010E $erda 011@ $a2017 013D $RDiskurs $RInterview $RKonversation $#Conversation $#Interviews $#Conversation $#Entretiens $#Gespräch $#Gesprächssammlung $#Gespräche $74020713-4 $8Gespräch [Ts1] $9085050156 021A $aPolska i sąsiedzi $dpolityka zagraniczna w myśli polskiej opozycji antykomunistycznej $hAndrzej Friszke, Stefan Garsztecki, Padraic Jeremiah Kenney, Andrzej Krawczyk, Alvydas Nikžentaitis, Jan Skórzyński 028A $BVerfasser $#Rzeczywisty, Anatol $#Korybut $#Pseudonimus $#A.F. $#ZK $4aut $7135691087 $8Friszke, Andrzej$Z1956- [Tp1] $9199380945 028C $BVerfasser $#Garsztecki, Peter Stefan Maria $4aut $712448509X $8Garsztecki, Stefan$Z1962- [Tp3] $915515673X 028C $BVerfasser $#Kenney, Padraic Jeremiah $#Kenney, Padraic J. $4aut $7129403938 $8Kenney, Padraic$Z1963- [Tp3] $9159739055 028C $BVerfasser $4aut $71081724412 $8Krawczyk, Andrzej$Z1954- [Tp1] $9369146212 028C $BVerfasser $#Nikžjantajtis, Alʹvidas $#Nikžjantajtis, Al'vidas P. $#Nikžjantajtis, Alʹvidas Pranovič $#Nikzhiantaitis, Alʹvidas $4aut $7103389474 $8Nikžentaitis, Alvydas$Z1961- [Tp1] $9138795800 028C $BVerfasser $4aut $71049172558 $8Skórzyński, Jan$Z1954- [Tp3] $9338101209 031A $h13-21 $j2017 039B $aEnthalten in $8--Oau--. Lekcja solidarności. - Gdańsk : Europejskie Centrum Solidarności, 2017. - 91 Seiten. - ISBN 978-83-62853-66-3 $x201700000000000987 $9445695900 044K $RKongresspolen $RWestgalizien $#Generalgouvernement Polen $#Polska $#Rzeczpospolita Polska $#Polska Rzeczpospolita Ludowa $#Poland $#Pologne $#République Polonaise $#Generalne Gubernatorstwo w Polsce $#Polish People's Republic $#Polska Rzeczpospolita Polen $#PRL $#RP $#Polen Generalgouvernement $#Polska Generalgouvernement $#Besetzte Polnische Gebiete $#Besetztes Gebiet in Polen $#Okupowane Polskie Obszary $#Obszary Okupowane w Polsce $#Volksrepublik Polen $#Polska Rosyjska $#Republic Polen $#Respublika Pol'ša $#Pol'skaja Narodnaja Respublika $#République de Pologne $#Polen Links der Weichsel $#Polska po Lewej Stronie Wisły $#Lenkija $#Polija $#Gubernija Carstva Pol'skago $#Republik Polen $74046496-9 $8Polen [Tg1] $9085129801 044K $RWeltpolitik $RAußenpolitik $RInternationales politisches System $#International relations $#Relations internationales $#Relazioni internazionali $#Relaciones internacionales $#Internationale Politik $#internationale Politik $#bilaterale Beziehungen $#internationale Beziehungen $#Internationale Beziehungen $#Politische Beziehungen Internationale Politik $#Zwischenstaatliche Beziehungen $74072885-7 $8Internationale Politik [Tsz] $9085205222 044K $RPolitische Philosophie $RPolitisches Bewusstsein $RPolitische Theorie $RPolitische Ethik $#Political science $#Political and social views $#Idées politiques $#Pensée politique et sociale $#Politische Ideen $#Staatsdenken $#Staatsgedanke Politisches Denken $#Politische Idee $74115590-7 $8Politisches Denken [Ts1] $908534995X 044K $RWiderstand $ROppositioneller $#Opposition (Political science) $#Opposition (science politique) $#Oposición política $#Politische Opposition $#Opposition $#Politische Opposition $74043649-4 $8Opposition [Ts1] $9085122084 045F $a909 $eDDC23BSB 045F/01 $a909 045F/03 $g437 045F/03 $g438 045F/03 $f0904 045R $aGeschichte 1977-1991 045R/01 $aGeschichte 1900-1991 lok: 44569634 78 exp: 44569634 78 1 #EPN 201B/01 $028-02-19 $t13:49:07.000 201C/01 $028-02-19 201U/01 $0utf8 203@/01 $01046718584 208@/01 $a28-02-19 $be 209A/01 $a/ $f000 $x00 209A/01 $ab*p $x01 220C/01 $apgar 244Z/01 $#Generalgouvernement Polen $#Polska $#Rzeczpospolita Polska $#Polska Rzeczpospolita Ludowa $#Poland $#Pologne $#République Polonaise $#Generalne Gubernatorstwo w Polsce $#Polish People's Republic $#Polska Rzeczpospolita Polen $#PRL $#RP $#Polen Generalgouvernement $#Polska Generalgouvernement $#Besetzte Polnische Gebiete $#Besetztes Gebiet in Polen $#Okupowane Polskie Obszary $#Obszary Okupowane w Polsce $#Volksrepublik Polen $#Polska Rosyjska $#Republic Polen $#Respublika Pol'ša $#Pol'skaja Narodnaja Respublika $#République de Pologne $#Polen Links der Weichsel $#Polska po Lewej Stronie Wisły $#Lenkija $#Polija $#Gubernija Carstva Pol'skago $#Republik Polen $74046496-9 $8--Tg1--Polen $x01 $9085129801 244Z/01 $#Ostmitteleuropa $#Ostmitteleuropa $#Mitteleuropa, Ost $#Central Europe Ostmitteleuropa $#Mittelosteuropa $74075753-5 $8--Tg1--Ostmitteleuropa $x02 $9085214485 247C/01 $82080>Marburg/Lahn, Herder-Institut, Forschungsbibliothek, Bibliographieportal $9336309341
| LEADER | 00000caa a2200000 c 4500 | ||
|---|---|---|---|
| 001 | 445696346 | ||
| 003 | DE-603 | ||
| 005 | 20190228234949.0 | ||
| 007 | cr|||||||||||| | ||
| 008 | 190228s2017 xx |||| o| u00||u|pol c | ||
| 035 | |a (DE-599)HEB445696346 | ||
| 040 | |a DE-603 |b ger |c DE-603 |d DE-603 |e rda | ||
| 041 | |a pol | ||
| 082 | 0 | 4 | |8 1\u |a 909 |q DE-101 |2 23/BSB |
| 085 | |8 1\u |b 909 | ||
| 085 | |8 1\u |z 2 |s 437 | ||
| 085 | |8 1\u |z 2 |s 438 | ||
| 085 | |8 1\u |z 1 |s 0904 | ||
| 100 | 1 | |a Friszke, Andrzej |d 1956- |e Verfasser |4 aut |0 (DE-603)199380945 |0 (DE-588)135691087 |2 gnd | |
| 245 | 0 | 0 | |a Polska i sąsiedzi |b polityka zagraniczna w myśli polskiej opozycji antykomunistycznej |c Andrzej Friszke, Stefan Garsztecki, Padraic Jeremiah Kenney, Andrzej Krawczyk, Alvydas Nikžentaitis, Jan Skórzyński |
| 264 | 0 | |c 2017 | |
| 336 | |a Text |b txt |2 rdacontent | ||
| 337 | |a Computermedien |b c |2 rdamedia | ||
| 338 | |a Online-Ressource |b cr |2 rdacarrier | ||
| 648 | 7 | |a Geschichte 1977-1991 |2 gnd | |
| 648 | 7 | |a Geschichte 1900-1991 |2 gnd | |
| 650 | 7 | |a Internationale Politik |0 (DE-588)4072885-7 |0 (DE-603)085205222 |2 gnd | |
| 650 | 7 | |a Politisches Denken |0 (DE-588)4115590-7 |0 (DE-603)08534995X |2 gnd | |
| 650 | 7 | |a Opposition |0 (DE-588)4043649-4 |0 (DE-603)085122084 |2 gnd | |
| 651 | 7 | |a Polen |0 (DE-588)4046496-9 |0 (DE-603)085129801 |2 gnd | |
| 655 | 7 | |a Gespräch |2 gnd-content |0 (DE-588)4020713-4 |0 (DE-603)085050156 | |
| 700 | 1 | |a Garsztecki, Stefan |d 1962- |e Verfasser |4 aut |0 (DE-603)15515673X |0 (DE-588)12448509X |2 gnd | |
| 700 | 1 | |a Kenney, Padraic |d 1963- |e Verfasser |4 aut |0 (DE-603)159739055 |0 (DE-588)129403938 |2 gnd | |
| 700 | 1 | |a Krawczyk, Andrzej |d 1954- |e Verfasser |4 aut |0 (DE-603)369146212 |0 (DE-588)1081724412 |2 gnd | |
| 700 | 1 | |a Nikžentaitis, Alvydas |d 1961- |e Verfasser |4 aut |0 (DE-603)138795800 |0 (DE-588)103389474 |2 gnd | |
| 700 | 1 | |a Skórzyński, Jan |d 1954- |e Verfasser |4 aut |0 (DE-603)338101209 |0 (DE-588)1049172558 |2 gnd | |
| 773 | 0 | 8 | |i Enthalten in |t Lekcja solidarności |d Gdańsk : Europejskie Centrum Solidarności, 2017 |h 91 Seiten |z 9788362853663 |g (2017), Seite 13-21 |w (DE-603)445695900 |
| 856 | |u https://www.ecs.gda.pl/library/File/nauka/e-booki/ECS_raport_Lekcja_.pdf |x Verlag | ||
| 924 | 1 | |9 2080 |a (DE-603)1046718584 |b DE-2080 |c HES |d d |g / | |


